01345cam a22003495i 4500999001700000001001000017003000900027005001700036008004100053020002200094020002500116040003700141043001200178082002400190245004800214264006200262300002500324336002600349337002800375338002700403490001800430504005100448650009700499650007000596650005900666650003400725653002800759655001700787700002900804942001200833952015000845 c27641d27612010681484EG-ScBUE20190923102404.0010709s2001 enk f 001 0 eng d a0333922360 (pbk.) a9780333922361 (pbk.) aDLCbengerdacDLCdUkdEG-ScBUE ae-uk---04a822.051209bREV22200aRevenge tragedy /cedited by Stevie Simkin. 1aHampshire, United Kingdom ;aNew York :bPalgrave,c2001. aix, 268 p. ;c23 cm. atextbtxt2rdacontent aunmediatedbn2rdamedia avolumebnc2rdacarrier0 aNew casebooks aIncludes bibliographical references and index. 7aEnglish dramayEarly modern and Elizabethan, 1500-1600xHistory and criticism.2BUEsh936968 7aEnglish dramay17th centuryxHistory and criticism.2BUEsh936970 7aEnglish drama (Tragedy)xHistory and criticism.2BUEsh 7aRevenge in literature.2BUEsh bHHUUEENNcSeptember2019 vReading book1 aSimkin, Stevie,eeditor. 2ddccBB 00102ddc40708BaccahaMAINbMAINc2NDd2019-09-23ePurchaseg161.00l0o822.051209 REVp000048104r2025-07-15 00:00:00v201.25w2019-09-23yBB